<?xml version="1.0" encoding="UTF-8"?>
<record
    xmlns:xsi="http://www.w3.org/2001/XMLSchema-instance"
    xsi:schemaLocation="http://www.loc.gov/MARC21/slim http://www.loc.gov/standards/marcxml/schema/MARC21slim.xsd"
    xmlns="http://www.loc.gov/MARC21/slim">

  <leader>00949cam a2200205Ia 4500</leader>
  <datafield tag="020" ind1=" " ind2=" ">
    <subfield code="a">9250050593</subfield>
  </datafield>
  <datafield tag="040" ind1=" " ind2=" ">
    <subfield code="c">FQG</subfield>
  </datafield>
  <datafield tag="082" ind1=" " ind2=" ">
    <subfield code="a">328 FOO 2003 A068 Or.</subfield>
  </datafield>
  <datafield tag="110" ind1="2" ind2=" ">
    <subfield code="a">General Fisheries Commission for the Mediterranean (Food and Agriculture Organization of the United Nations).</subfield>
  </datafield>
  <datafield tag="245" ind1="1" ind2="0">
    <subfield code="a">Report of the sixth session of the Scientific Advisory Committee :</subfield>
    <subfield code="b">Thessaloniki, Greece, 30 June-3 July 2003 = Rapport de la sixi&#xFFFD;&#xFFFD;me session du Comit&#xFFFD;&#xFFFD; scientifique consultatif : Thessalonique, Gr&#xFFFD;&#xFFFD;ce, 30 juin-3 juillet 2003 /</subfield>
  </datafield>
  <datafield tag="246" ind1="3" ind2="1">
    <subfield code="a">Rapport de la sixi&#xFFFD;&#xFFFD;me session du Comit&#xFFFD;&#xFFFD; scientifique consultatif</subfield>
  </datafield>
  <datafield tag="260" ind1=" " ind2=" ">
    <subfield code="a">Rome :</subfield>
    <subfield code="b">Food and Agricultural Organization of the United Nations,</subfield>
    <subfield code="c">2003</subfield>
  </datafield>
  <datafield tag="300" ind1=" " ind2=" ">
    <subfield code="a">vi, 94 p. ;</subfield>
    <subfield code="c">30 cm</subfield>
  </datafield>
  <datafield tag="500" ind1=" " ind2=" ">
    <subfield code="a">"FIPL/R714(Bi)."</subfield>
  </datafield>
  <datafield tag="500" ind1=" " ind2=" ">
    <subfield code="a">"TR/M/Y5105Bi/1/11.03/1300"--P. [4] of cover</subfield>
  </datafield>
  <datafield tag="650" ind1=" " ind2="0">
    <subfield code="a">Fishery management</subfield>
  </datafield>
  <datafield tag="650" ind1=" " ind2="0">
    <subfield code="a">Fisheries</subfield>
  </datafield>
  <datafield tag="650" ind1=" " ind2="0">
    <subfield code="a">Fish stock assessment</subfield>
  </datafield>
  <datafield tag="942" ind1=" " ind2=" ">
    <subfield code="c">FB</subfield>
  </datafield>
  <datafield tag="999" ind1=" " ind2=" ">
    <subfield code="c">14508</subfield>
    <subfield code="d">14508</subfield>
  </datafield>
  <datafield tag="952" ind1=" " ind2=" ">
    <subfield code="0">0</subfield>
    <subfield code="1">0</subfield>
    <subfield code="4">0</subfield>
    <subfield code="6">328_000000000000000_FOO_2003_A068_OR</subfield>
    <subfield code="7">0</subfield>
    <subfield code="9">66762</subfield>
    <subfield code="a">LBA</subfield>
    <subfield code="b">LBA</subfield>
    <subfield code="c">A068</subfield>
    <subfield code="d">2017-10-18</subfield>
    <subfield code="o">328 FOO 2003 A068 Or.</subfield>
    <subfield code="p">A21223</subfield>
    <subfield code="r">2017-10-18</subfield>
    <subfield code="w">2017-10-18</subfield>
    <subfield code="y">FB</subfield>
  </datafield>
</record>
